Normal view MARC view
  • Tatro, David S.

Entry Personal Name

Number of records used in: 1

001 - CONTROL NUMBER

  • control field: 39388

003 - CONTROL NUMBER IDENTIFIER

  • control field: OSt

005 - DATE AND TIME OF LATEST TRANSACTION

  • control field: 20160221105631.0

008 - FIXED-LENGTH DATA ELEMENTS

  • fixed length control field: 160221|| aca||aabn | a|a d

040 ## - CATALOGING SOURCE

  • Original cataloging agency: OSt

100 10 - HEADING--PERSONAL NAME

  • Personal name: Tatro, David S.

400 10 - SEE FROM TRACING--PERSONAL NAME

  • Personal name: Tatro, D. S.
  • Fuller form of name: (David S.)